[Event "Subotica TS03 GM"]
[Site "Subotica"]
[Date "2003.03.25"]
[Round "4"]
[White "Ivanovic, Bozidar"]
[Black "Markus, Robert"]
[Result "1/2-1/2"]
[WhiteElo "2501"]
[BlackElo "2481"]
[Annotator "Ribli,Z"]
[PlyCount "67"]
[EventDate "2003.03.23"]
[EventType "tourn"]
[EventRounds "11"]
[EventCountry "YUG"]
[EventCategory "9"]
[SourceTitle "CBM 095"]
[Source "ChessBase"]
[SourceDate "2003.07.25"]
[SourceVersion "1"]
[SourceVersionDate "2003.07.25"]
[SourceQuality "1"]

1. e4 c5 2. Nf3 e6 3. d4 cxd4 4. Nxd4 Nc6 5. Nc3 Qc7 6. Be2 a6 7. O-O Nf6 8.
Kh1 {Grossmeister Ivanovic (der uebrigens Sportminister in Montenegro ist)
spielt gern diese Variante. Der Koenigszug, sowie 8.Be3 sind heutzutage in
vielen Partien gespielt. Die Hauptidee des Zugs 8.Kh1 ist, dass Weiss seinen
Plan noch nicht festlegt; er tut dies nur spaeter - in Abhängigkeit vom
gegnerischen Aufbau. Der Läuferzug 8...Bb4 kann hier mit 9.Bg5 beantwortet
werden.} Nxd4 {Dieser Zug wird oft gespielt, aber 8...d6 - mit Uebergang zur
Scheweninger Variante - kommt auch stark in Betracht.} 9. Qxd4 Bc5 10. Qd2 {
Dieser Damezug ist ein seltener Gast in der Turnierpraxis. Die gewoehnliche
Fortsetzung ist 10.Qd3.} O-O (10... Be7 $6 11. Qg5 $1 $36 {Jetzt 11...0-0 geht
nicht wegen 12.e5.}) 11. Qg5 (11. a3 b5 12. f4 Bb7 13. Bf3 Rad8 14. Qe1 d5 15.
e5 Nd7 16. Bd2 Nb6 17. Nd1 d4 {0-1 Ivanovic,B-Franzoni,G/Novi Sad 1990/TD (42)}
) 11... Bd4 12. Bd3 (12. Bf4 e5 13. Bd2 d6 (13... Bxc3 14. Bxc3 Nxe4 15. Bxe5
Nxg5 16. Bxc7 {1-0 Benderac,S-Talic,M/Jahorina 2001/EXT 2002 (54)}) 14. Qh4 Be6
15. Bh6 Ne8 16. Bd2 Nf6 17. Bd3 Nd7 18. f4 exf4 19. e5 f5 20. exd6 Qxd6 21.
Bxf4 Qc6 22. Rf3 Nf6 23. Qg3 {1/2-1/2 Vukovic,Z-Matulovic,M/Bucharest 2000/CBM
79 ext (23)}) 12... Qe5 (12... b5 13. Ne2 Bb6 14. e5 Nd5 15. Nf4 h6 16. Qg4
Qxe5 17. Nxd5 exd5 18. Bf4 Qf6 19. Rae1 $44 {1-0 Lekic,D-Mastrovasilis,D/
Korinthos 1999/EXT 2000 (64)}) (12... d6 13. Ne2 Ba7 14. Qg3 b5 15. Bg5 Ne8 16.
Qh4 f6 17. Bd2 Rb8 18. b4 Qf7 19. a4 bxa4 20. Rxa4 e5 21. f4 Nc7 22. Ng3 Kh8
23. Be2 exf4 24. Qxf4 Ne6 25. Qh4 Qd7 {0-1 Bezgodov,A-Jakovenko,D/Moscow 2000/
EXT 2001 (42)}) 13. Qh4 (13. Qxe5 Bxe5 14. Bd2 d6 $11) 13... Qh5 14. Qxh5 (14.
Qg3 d5 15. exd5 (15. f3 Be5 16. Bf4 Bxf4 17. Qxf4 e5 $11 18. Qg3 d4 19. Ne2 Bd7
$6 (19... Be6 $5 20. c3 dxc3 21. Nxc3 Nd7 $11) 20. c3 dxc3 21. Nxc3 $14 {
0-1 Vukovic,Z-Vasilescu,L/Bucharest 1999/CBM 70/[Ribli] (67)}) 15... exd5 16.
Ne2 Be5 17. Bf4 Re8 18. Bxe5 Qxe5 19. Qxe5 Rxe5 20. Nd4 Bd7 21. Rfe1 Rae8 22.
Rxe5 Rxe5 23. f3 Kf8 {1-0 Vukovic,Z-Zafirovski,M/Niksic 1997/CBM 59 ext (66)})
14... Nxh5 15. Ne2 (15. Bd2 b5 $11) 15... Bc5 $5 $146 {[%mdl 4] Dieser
Lauferzug ist eine theoretische Neuerung. Nach meiner persoenlichen Meinung
ist diese Fortsetzung logischer als 15...Be5, weil Schwarz nicht die
Fortsetzung f2-f4 provozieren sollte.} (15... Be5 16. f4 Bc7 17. e5 f5 18. h3
g5 19. g4 fxg4 20. hxg4 Nxf4 21. Nxf4 gxf4 22. Bxf4 Rxf4 23. Rxf4 Bxe5 24. Re4
Bxb2 25. Rb1 Bf6 26. Rf1 Bg5 27. Re2 b5 28. Ref2 Bb7+ 29. Kh2 e5 $44 {1/2-1/2
Yemelin,V-Macieja,B/Panormo 2001/CBM 84 ext (60)}) 16. e5 {[%cal Rg2g4,Rg4h5]
Mit diesem Zug gewinnt Weiss Raum und nimmt Schwarz das f6-Feld, so dass jetzt
17.g4 mit Springerfang droht.} f5 $11 {Weiss hat Raumvorteil, aber Schwarz
kann die Stellung entweder mit d7-d6 sprengen, oder m folgenden b7-b5 ziehen
mit vollwertigem Spiel.} (16... g6 17. g4 Ng7 18. Be3 $5 Bxe3 19. fxe3 $14) 17.
h3 {[%cal Rg2g4,Rg4h5]} (17. exf6 Nxf6) 17... g6 18. Bh6 Rf7 (18... Ng7) 19. g4
Ng7 20. f4 {Weiss muss so spielen, sonst kommt 20...fxg4 21.hxg4 Rxf2.} b5 {
[%cal Gc8b7,Gb7h1]} 21. Ng3 Bb7+ {[%csl Gb7,Gc5] Weiss hat Raumvorteil, aber
dank seiner aktiven Läufer steht Schwarz keinesfalls schlechter.} 22. Kh2 d6 {
Das ist eine typische Moeglichkeit in der Paulsen Variante - Schwarz kann die
weisse Zentrumsstellung sprengen.} 23. gxf5 (23. exd6 Bxd6 24. Rad1 $11) 23...
Nxf5 (23... exf5 $11 {[%cal Gg7e6]}) 24. Nxf5 exf5 25. a4 {[%cal Gd3a6]} Rc8 $1
{[%cal Gc8c2]} (25... b4 26. exd6 (26. Bc4 d5 27. Bd3 Rc7 $11) 26... Rd7 27.
Bc4+ Kh8 28. Rad1 $36) 26. axb5 axb5 27. e6 (27. Bxb5 dxe5 28. Bc4 {[%cal
Rc4g8]} Bg1+ 29. Kxg1 Rxc4 $11) 27... Re7 28. Rfe1 (28. Bxb5 $6 Rxe6 29. Bc4 d5
$15 (29... Bg1+ 30. Kxg1 Rxc4 $15)) 28... Bd5 {[%csl Re6] Schwarz beschaeftigt
sich nicht mit der Verteidigung des b5-Bauern, er greift lieber den e6-Bauern
an.} 29. Bxb5 Rxe6 (29... Bxe6 $2 30. Bg5 $18) 30. Bd7 (30. Rxe6 Bxe6 $11)
30... Rxe1 31. Rxe1 {[%mdl 4096]} Ra8 (31... Rc7 $11) 32. Re8+ Kf7 (32... Rxe8
33. Bxe8 $11) 33. Rxa8 Bxa8 34. c4 1/2-1/2

[Event "EU-chT (Men) 14th"]
[Site "Plovdiv"]
[Date "2003.10.13"]
[Round "3.3"]
[White "Jenni, Florian"]
[Black "Ivanisevic, Ivan"]
[Result "0-1"]
[WhiteElo "2522"]
[BlackElo "2548"]
[Annotator "Ribli,Z"]
[PlyCount "60"]
[EventDate "2003.10.10"]
[EventType "team-swiss"]
[EventRounds "9"]
[EventCountry "BUL"]
[SourceTitle "CBM 098"]
[Source "ChessBase"]
[SourceDate "2004.02.03"]
[SourceVersion "1"]
[SourceVersionDate "2004.02.03"]
[SourceQuality "1"]
[WhiteTeam "Switzerland"]
[BlackTeam "Serbia & Montenegro"]
[WhiteTeamCountry "SUI"]
[BlackTeamCountry "YUG"]

1. e4 {Atlas,V} c5 2. Nf3 e6 3. d4 cxd4 4. Nxd4 Nc6 5. Nc3 Qc7 6. Be2 a6 7. O-O
Nf6 8. Kh1 {Mit diesem profilaktischem Zug möchte Weiß 9.f4 vorbereiten.} h5 {
Dieser Zug wird selten gespielt, aber kommt stark in Betracht. Gewöhnlich
spielt Schwarz 8...Nxd4, 8...Bb4 oder 8...b5, aber 8...d6 ist auch möglich,
was zur Scheweninger Variante der Sizilianische Verteidigung führt.} 9. f4 (9.
Nxc6 bxc6 10. f4 d5 11. e5 Ng4 12. Bxg4 hxg4 13. Qxg4 Bb7 14. Bd2 g6 (14...
O-O-O 15. Rae1 g6 16. Rf3 Be7 17. Rh3 c5 18. Rxh8 Rxh8 19. b3 Bc6 20. Nd1 Qb7 {
1-0 Andrijevic,M-Boskovic,D/Belgrade YUG 2003/(53)}) 15. b4 c5 16. bxc5 Bxc5
17. Rab1 Bc6 18. Nd1 Bb5 19. Re1 Be7 {0-1 Jenni,F-Al Modiahki,M/Biel 2002/EXT
2003 (36)}) 9... Nxd4 (9... d6 10. Nxc6 bxc6 11. e5 dxe5 12. fxe5 Qxe5 13. Bf4
Qa5 14. a3 Be7 15. b4 Qd8 16. Qe1 Bd7 17. Qg3 h4 18. Qxg7 Rg8 19. Qh6 h3 20.
gxh3 Bf8 21. Qh4 Nd5 22. Qxd8+ Kxd8 23. Be5 {1-0 Mikhaletz,L-Kekelidze,M/
Cappelle la Grande 1999/EXT 2000 (37)}) 10. Qxd4 b5 {Wir haben eine ähnliche
Stellung, wie in der Variante 8...Nxd4 9.Qxd4 Bc5 10.Qd3 h5 11.f4 b5. Aber der
große Unterschied ist, dass Schwarz jetzt nicht Bc5 spielen muss; er lässt die
weiße Dame exponiert auf d4 stehen.} 11. e5 Ng4 12. a4 $5 $146 {In solchen
Stellungen ein typisches Motiv, aber in dieser konkreten Stellung ist es eine
Neuerung. Mit der Partiefortsetzung möchte Weiß den schwarzen Damenflügel
schwächen.} (12. Bf3 Bb7 13. Bxb7 Qxb7 14. Ne4 (14. f5 Rc8 15. fxe6 dxe6 16.
Bg5 Bc5 17. Qd2 Nxe5 18. Rae1 Nc4 19. Qd3 O-O {0-1 Savanovic,A-Boskovic,D/
Budva SCG 2003/(40)}) 14... h4 (14... Rc8 15. Qd3 (15. b3 Rxc2 16. Bd2 Be7 17.
Rac1 Rxc1 18. Rxc1 O-O {1/2-1/2 Stojanovic,A-Djuric,V/Leskovac 2002/CBM 86 ext
(58)}) 15... Be7 16. b3 h4 17. h3 Nh6 18. Be3 Nf5 {1/2-1/2 Djukic,N-Rajkovic,D/
Herceg Novi 2002/CBM 86 ext (53)}) 15. h3 Nh6 16. Qd3 Nf5 17. Kh2 Rc8 18. Bd2
Qc6 19. Rac1 d5 {1/2-1/2 Djukic,N-Ivanisevic,I/Belgrade 2002/CBM 91 (56)})
12... bxa4 $6 {Dieser Zug gefällt mir nicht, weil in folgendem der schwarze
Damenflügel geschwächt wird. Die Alternative 12...b4 scheint mir besser zu
sein.} (12... b4 13. Ne4 (13. Bf3 Bb7 14. Bxb7 Qxb7 15. Ne4 Qd5 $5 16. Qxd5
exd5 $15 {[%cal Ga8c8,Gc8c2]}) 13... Bb7 14. Bd3 $14) 13. Rxa4 $14 Bb7 (13...
Bc5 14. Qc4 Bb7 15. Ne4 (15. Bf3 $16) 15... Bxe4 16. Qxe4 $16) 14. Rc4 Bc6 15.
Bf3 {[%cal Gf3c6,Gc4c7] Weiß hat einen offensichtlichen positionellen Druck
und Entwicklungsvorteil.} Be7 16. Ne4 (16. Bxc6 $5 dxc6 17. Ne4 O-O (17... Rd8
18. Qc3 $16) 18. Qc3 Rac8 $14) 16... O-O 17. Nd6 {'?!' Atlas,V.} (17. h3 Nh6
18. Bxh5 (18. Nd6 Bxd6 19. exd6 Qd8 20. Bxc6 Nf5 21. Qc3 dxc6 22. Rxc6 Qd7 23.
Rd1 Rfc8 $44) 18... Nf5 19. Qc3 Qb6 $44 {[%csl Gf5][%cal Gc6b5,Gb5f1]}) (17.
Bd2 $5 $14) (17. Ng3 {(Atlas,V) deserved here serious attention. The text move
yields Black good counterchances. Verdiente hier ernste Aufmerksamkeit. Der
Textzug räumt schwarze gute Konterchancen ein.}) 17... f6 $132 {[%cal Gf8f1]
[%mdl 256] '!' Atlas,V. Dieser Zug bringt Schwarz taktische Gegenchancen, weil
er die Unterstützung des d6-Springers schwächen möchte.} 18. Bxc6 (18. Rxc6 $6
dxc6 19. Qc4 Bxd6 20. Qxe6+ Qf7 21. Qxd6 (21. Qxf7+ Rxf7 22. exd6 Rd8 23. h3
Nh6 24. Rd1 Rfd7 25. Bxc6 Rxd6 26. Rxd6 Rxd6 27. Bf3 Nf5 $15) 21... fxe5 22.
Qxc6 Rac8 $15) 18... dxc6 19. Qc3 fxe5 (19... Nxe5 $5 20. fxe5 fxe5 21. Nf7
Rxf7 22. Rxf7 Kxf7 23. Rxc6 Qd7 24. Be3 $11) 20. Rxc6 Qd7 $15 21. Ne4 (21. h3
Bxd6 22. hxg4 Rac8 $15) 21... Qd5 {'!' Atlas,V.} (21... exf4 22. Rc7 Qb5 23.
Re1 Qb4 24. h3 Nf6 25. Qxb4 Bxb4 26. c3 Ba5 27. Re7 $11) 22. Qf3 exf4 (22...
Qxc6 23. Nf6+ $18 {[%cal Rf6g8,Rf3c6]}) 23. Rc7 (23. c4 Qd7 {[%cal Rg4e5,Re5c6,
Re5f3]} 24. Nc5 Bxc5 25. Rxc5 e5 $17) 23... Rae8 (23... Ne5 24. Qe2 Bd6 $15) (
23... Ne3 $15) 24. Nc3 Qf5 $17 (24... Qxf3 25. gxf3 (25. Rxf3 e5 $17) 25... Ne3
26. Bxe3 fxe3 $17) 25. Qb7 $2 ({Atlas,V: More stubborn was Atlas,V:
Hartnäckiger war} 25. Bxf4 {Atlas,V: ', although after' Atlas,V: ', auch wenn
Schwarz nach'} e5 (25... Bd8 {(Atlas,V) Black retains excellent winning
chances. vorzügliche Gewinnchancen behält.}) 26. Bg3 Qxc2 $17) 25... f3 $1 {
[%mdl 64] Atlas,V: 'After this excellent pawn move Black's attack is
irresistible.' Mit dieser taktischen Möglichkeit gewinnt Schwarz sofort. Atlas,
V: 'Nach diesem ausgezeichneten Bauernvorstoß wird der schwarze Angriff
unwiderstehlich.'} 26. Qxf3 (26. Rxf3 {Atlas,V: 'fails to' Atlas,V: 'scheitert
an'} Qe5 $19 {[%cal Re5h2]} (26... Qxc2 {(Atlas,V) is winning too gewinnt
ebenfalls}) 27. g3 {Atlas,V} Rxf3 28. Qxf3 Qxc7 {, winning a rook. mit
Turmgewinn.}) ({Atlas,V: after Atlas,V: nach} 26. gxf3 Qxc2 $19 {Atlas,V:
'mate is inevitable.' Atlas,V: 'ist das Matt unvermeidlich.'}) 26... Qe5 {
[%cal Re5c7,Re5h2,Rf8f1]} 27. Bf4 Rxf4 $1 {Atlas,V: 'The impressive strike
breaks White's defense and concludes the game in style.' Atlas,V: 'Dieser
wuchtige Schlag durchbricht die weiße Verteidigung und beendet die Partie auf
stilvolle Weise.'} 28. Qxf4 Rf8 {[%cal Rf8f1,Re5h2] '!' Atlas,V.} 29. Rc4 (29.
Rc8 Qxf4 30. Rxf4 Rxc8 $19) ({The queen can't be saved: Die Dame ist verloren:
} 29. Qxe5 {Atlas,V} Rxf1#) (29. Qc1 {Atlas,V} Qxh2#) 29... Rxf4 30. Rcxf4 g5 {
[%csl Rf4][%cal Re5h2] Atlas,V: ', and White resigned in view of further
material losses.' Atlas,V: 'und Weiß gab auf, denn er verliert weiteres
Material.'} 0-1

[Event "Koop Tjuchem"]
[Site "Groningen"]
[Date "1996.??.??"]
[Round "7"]
[White "Short, Nigel D"]
[Black "Leko, Peter"]
[Result "1/2-1/2"]
[WhiteElo "2695"]
[BlackElo "2630"]
[Annotator "Ribli,Z"]
[PlyCount "85"]
[EventDate "1996.12.20"]
[EventType "tourn"]
[EventRounds "11"]
[EventCountry "NED"]
[EventCategory "16"]
[SourceTitle "CBM 057"]
[Source "ChessBase"]
[SourceDate "1997.04.01"]
[SourceVersion "1"]
[SourceVersionDate "1997.04.01"]
[SourceQuality "1"]

1. e4 c5 2. Nf3 Nc6 3. d4 cxd4 4. Nxd4 e6 5. Nc3 Qc7 6. Be2 a6 7. O-O b5 {
[#] Das ist Lekos Lieblingvariante. Schwarz vernachlässigt die Figuren am
Königsflügel,und zuerst führt seinen Damenläufer auf die Diagonale.Ribli.} 8.
Nxc6 {Wenn Weiß mit diesem Abtausch wartet, muß er mit z.B. Bxc6 rechnen 
(natürlich nach Bb7). Ribli.} dxc6 9. f4 (9. Bg5 {Anand - Leko, Dortmund,1996,
aber trotz des weißen Sieges war die schwarze Eröffnung O.K.. Ribli.}) 9... Bb7
10. Kh1 Be7 $1 (10... Nf6 $6 11. e5 Nd5 12. Nxd5 cxd5 13. Bd3 $14 {Jetzt haben
wir eine typische "französische" Stellung, in der Weiß dank seines
Raumvorteils und des besseren weißfarbigen Läufers etwas besser steht. Ribli.})
11. Qe1 b4 12. Nb1 c5 13. Nd2 Nf6 14. Bd3 (14. e5 Nd7) 14... O-O 15. b3 a5 $1 {
Schwarz nutzt seine Chance. Wenn a4 und axb3 folgt, hat er etwas Gegenspiel am
Damenflügel.Ribli.} 16. Bb2 a4 17. Rb1 Bc6 18. Rf3 axb3 19. axb3 Rfd8 20. Qe2
$14 {Wir haben eine symetrische Bauernstellung, in der Weiß dank seines
besseren Figurenspiels etwas freier steht. Anderseits ist es wahr, daß Schwarz
keine großen Schwächen in seiner Stellung hat. Ribli.} Qb7 21. Re3 Kf8 {
Schwarz hat maximale Aktivität erreicht. Die Frage ist, wie kann er nun seine
Stellung verbessern. Ribli.} (21... h6 22. g4 {kommt jetzt oder nach
Vorbereitung in Betracht. Ribli.}) (21... Ra2 $5) 22. Rf1 Ra2 23. Be5 Nd7 24.
Qh5 h6 (24... Nxe5 25. fxe5) 25. Rg3 Nf6 (25... Nxe5 26. Qxe5 (26. fxe5 Bg5 27.
Nf3 Bf4 (27... Be3)) 26... Bf6 27. Qxc5+ Be7 {Führt zur Partiestellung.Ribli.})
26. Bxf6 Bxf6 27. Qxc5+ Be7 $44 {Schwarz hat einen unwichtigen Bauern geopfert,
mit dem Läuferpaar und einer festen Stellung steht er nicht (oder nur
unwesentlich) schlechter. Ribli.} 28. Qh5 (28. Qe3 Bh4 29. Rgf3 Bf6) 28... Rxc2
$5 {Der junge ungarische Großmeister ist großzügig. Nach einem Bauernopfer
gibt er nun eine Qualitaet.Ribli.} (28... Rda8 $5) 29. Bxc2 Rxd2 30. Rc1 Bxe4 {
Schwarz bekommt endlich einen Bauern für die geopferte Qualität und ,was
wichtiger ist, er hat eine gut zu verteidigende und feste Stellung. Weiß kann
praktisch nichts machen mit seiner Mehrqualität. Ribli.} 31. Bxe4 Qxe4 32. h3
Rd5 33. Qf3 (33. Rc8+ Bd8) 33... Qf5 $5 (33... Qxf3 34. Rc8+ Bd8 35. Rxf3 $14)
34. Qg4 Qf6 {Mit den Damen auf dem Brett ist es leichter für Schwarz, sich
zuverteidigen. Ribli.} 35. Rc8+ Bd8 36. Re3 Rd4 37. Qf3 g6 38. Rd3 Kg7 $11 39.
Rxd4 Qxd4 {Schwarz ist auf den dunklen Feldern sehr stark, und die weiße
Königstellung ist auch verwundbar. Ribli.} 40. Kh2 Bf6 41. Rc4 Qd2 42. Qe4 Bc3
43. Qb7 {Und hier wurde Remis gegeben. Schwarz kann 43...h5 spielen und steht
zwar nicht besser, aber auch nicht schlechter. Ribli.} 1/2-1/2

[Event "Mulhouse GM"]
[Site "Mulhouse"]
[Date "2004.07.08"]
[Round "9"]
[White "Goloshchapov, Alexander"]
[Black "Marzolo, Cyril"]
[Result "1-0"]
[WhiteElo "2569"]
[BlackElo "2409"]
[Annotator "Ribli,Z"]
[PlyCount "43"]
[EventDate "2004.06.30"]
[EventType "tourn"]
[EventRounds "9"]
[EventCountry "FRA"]
[EventCategory "9"]
[SourceTitle "CBM 103"]
[Source "ChessBase"]
[SourceDate "2004.11.11"]
[SourceVersion "1"]
[SourceVersionDate "2004.11.11"]
[SourceQuality "1"]

1. e4 c5 2. Nf3 Nc6 3. d4 cxd4 4. Nxd4 Qc7 5. Nc3 e6 6. Be3 Nf6 {Mit diesem
Springerzug möchte Schwarz den Zug 6...a6 einsparen und strebt eine schnelle
Figurenentwicklung an. Aber nach meiner persoenlichen Meinung ist diese
Fortsetzung weniger stark als das traditionelle 6...a6.} 7. Ndb5 {Auf diese
Weise kann Weiss ausnutzen, dass Schwarz noch nicht 6...a6 gespielt hat.} Qb8
8. f4 $5 d6 (8... a6 9. e5 axb5 10. exf6 gxf6 11. Nxb5 d5 12. Be2 Bd7 13. O-O
Bd6 14. c4 Ne7 15. Qb3 Bc6 16. Rad1 {1-0 Fressinet,L-Simon,O/Evry FRA 2004/(35)
}) 9. Bd3 {Dieser natürliche Läuferzug wurde noch nie gespielt. Weiss moechte
im folgenden Qf3 (was nach Be2 nicht möglich wäre) nebst langer Rochade
spielen und eine starke Angriffsstellung aufbauen.} (9. a4 Be7 10. Bd3 O-O 11.
O-O a6 12. Na3 d5 13. e5 Nd7 14. Ne2 Nc5 15. c3 Nxd3 16. Qxd3 b6 (16... Bd7 17.
Bb6 Bd8 18. Bc5 Be7 19. Bxe7 Nxe7 20. Nc2 Nc6 21. Ne3 Ne7 22. Rf3 b5 23. a5 b4
{1/2-1/2 Belikov,V-Alexandrova,O/Alushta 1999/EXT 2000 (29)}) 17. Rf3 Qc7 18.
Nc2 Bd7 19. Rh3 g6 20. Ned4 b5 21. Nxc6 Qxc6 22. a5 Qc4 23. Qd2 Rac8 24. Bd4 b4
25. f5 {1-0 Belov,V-Aroshidze,L/Korinthos GRE 2004/(25)}) (9. Qd2 a6 10. Nd4
Be7 11. O-O-O O-O 12. Be2 Rd8 13. Kb1 Qc7 14. g4 {1-0 Svidler,P-Zaitsev,M/
playchess.com INT 2004/CBM 99 ext (43)}) (9. g4 Be7 10. g5 Nd7 11. f5 a6 12.
Nd4 Nde5 13. Bh3 Qa7 14. fxe6 Nxd4 15. O-O Bxg5 16. Bxd4 Be3+ 17. Bxe3 Qxe3+
18. Kg2 O-O 19. Qxd6 Bxe6 20. Bxe6 Qg5+ 21. Kh1 fxe6 {0-1 Smirnov,P-Maletin,P/
Tomsk 2001/CBM 83 ext (31)}) 9... Be7 (9... a6 10. Nd4) 10. Qf3 {Die
Alternative 10.0-0 wäre ein wenig genügsam, aber gut spielbar.} (10. O-O O-O
11. Qf3 a6 12. Nd4 Nxd4 13. Bxd4 e5 14. Bb6 $14 (14. Nd5 Nxd5 15. exd5 f5 $13 (
15... exd4 16. Qe4 $16))) 10... Nd7 $6 {Dieser Zug erscheint mir etwas zu
passiv.} (10... O-O $5 11. O-O-O a6 12. Nd4 Nxd4 13. Bxd4 e5 {[%cal Gc8g4,
Gg4d1]} 14. Nd5 Nxd5 15. exd5 f5 (15... exd4 16. Qe4 $16) 16. Qe3 Re8 17. Bb6
$14) 11. O-O-O a6 12. Nd4 $14 {Weiss hat eine aktive Stellung und grossen
Entwicklungsvorteil.} Qc7 (12... Bf6 13. Nxc6 (13. Nce2) 13... bxc6 14. e5 dxe5
15. Be4 $36) 13. Kb1 Bf6 (13... O-O 14. g4 $40) 14. Nce2 Nxd4 15. Nxd4 Nc5 (
15... O-O 16. g4 $40) 16. g4 e5 {[#]} 17. Bb5+ $1 $40 {[%mdl 64] Ein sehr
unerwartetes Läuferopfer, das weisse Ziel ist der schwarze Koenig.} (17. Nf5
$14) 17... Kf8 (17... axb5 18. Nxb5 Qa5 19. Nxd6+ Kf8 20. a3 exf4 21. g5 (21.
e5 Be7 (21... Bxe5 22. Nc4 Qc7 23. Bxc5+ Qxc5 24. Nxe5 $16) 22. Qxf4 Bxd6 $13)
21... fxe3 (21... Bxg5 22. Rd5 $18 {[%csl Rc5,Rg5][%cal Rd5a5,Rd5g5]}) (21...
Be7 22. Qxf4 Be6 23. Nxf7 Kg8 (23... Bxf7 24. Rhf1 $18) 24. Nxh8 $16) 22. gxf6
$40) 18. fxe5 dxe5 $6 (18... Bxe5 19. Bd3 Kg8 20. Rhf1 $36) 19. g5 Bd8 (19...
exd4 20. gxf6 dxe3 (20... Ne6 21. fxg7+ Nxg7 22. Bxd4 axb5 23. Bxg7+ Kxg7 24.
Rhg1+ $18) 21. Qg3 $1 $18 {[%csl Rc7,Rf8,Gg3][%cal Gd1d8,Rg3g7]}) 20. Nc6 $18 {
[%csl Rf8][%cal Rd1d8,Re3c5][%mdl 128] Der grosse weisse Entwicklungsvorteil
bringt siegreichen Angriff. Der Textzug gewinnt sofort.} (20. Bc4 exd4 21. Bf4
Qd7 22. Rxd4 Qxd4 23. Bd6+ $18) 20... bxc6 21. Bxc5+ Be7 22. Bc4 1-0